Country and Capital Neighbour Connect with Disappearing World Map: Longest Name - Statistics

General Stats
  • This quiz has been taken 225 times
  • The average score is 180 of 392
Answers on the Map
Answers color-coded by a green-red scale on the quiz's map according to % correct below.
 
Answer Stats
Hint Hint Country/Capital % Correct
433 267.2 Democratic Republic of the Congo
100%
427.6 239 Central African Republic
93%
416.9 260.5 Republic of the Congo
92%
416.9 260.5 Brazzaville
82%
470 234.2 Addis Ababa
81%
384.2 167.2 Algeria
81%
384.2 167.2 Algiers
81%
384 118.7 Andorra
81%
384 118.7 Andorra la Vella
81%
421 113 Bosnia and Herzegovina
81%
407 247 Cameroon
81%
476.4 221.6 Djibouti
81%
476.4 221.6 Djibouti (cap)
81%
404 255.8 Equatorial Guinea
81%
466.3 209.2 Eritrea
81%
470 234.2 Ethiopia
81%
386 105 France
81%
372 127.5 Madrid
81%
354 195.5 Mauritania
81%
488 230 Mogadishu
81%
366 153.5 Morocco
81%
422.6 209.4 N'Djamena
81%
354 195.5 Nouakchott
81%
449.6 239.5 South Sudan
81%
448.5 209.5 Sudan
81%
419.3 172.9 Tripoli
81%
466.3 209.2 Asmara
79%
448.5 209.5 Khartoum
79%
406.5 264 Libreville
79%
393 86.9 Amsterdam
78%
414.2 100.9 Austria
78%
391 91 Belgium
78%
427.6 113 Belgrade
78%
404 89.9 Berlin
78%
423 98 Bratislava
78%
391 91 Brussels
78%
436.7 107.1 Bucharest
78%
424.4 103.1 Budapest
78%
437.8 117.9 Bulgaria
78%
444.4 102 Chișinău
78%
401.5 73.5 Copenhagen
78%
414 93.8 Czech Republic
78%
401.5 73.5 Denmark
78%
404 89.9 Germany
78%
402 103.1 Liechtenstein
78%
394.3 94.2 Luxembourg
78%
394.3 94.2 Luxembourg (cap)
78%
429.5 121.7 Macedonia
78%
444.4 102 Moldova
78%
423.7 117.8 Montenegro
78%
393 86.9 Netherlands
78%
423.7 117.8 Podgorica
78%
427.5 118.5 Pristina
78%
436.7 107.1 Romania
78%
423 98 Slovakia
78%
398.4 103.5 Switzerland
78%
450.6 96 Ukraine
78%
545.2 133.5 Tajikistan
61%
502 182.5 Abu Dhabi
60%
528 149.2 Afghanistan
60%
460.3 130.6 Ankara
60%
480.5 125 Armenia
60%
513 130.6 Ashgabat
60%
533 100 Astana
60%
487.6 125 Azerbaijan
60%
478.8 149.9 Baghdad
60%
615 140.9 Beijing
60%
461.7 146.8 Beirut
60%
548 122 Bishkek
60%
467 143 Damascus
60%
545.2 133.5 Dushanbe
60%
479 120 Georgia
60%
459 157 Israel
60%
459 157 Jerusalem
60%
462.3 158.9 Jordan
60%
533 100 Kazakhstan
60%
487 162.9 Kuwait City
60%
548 122 Kyrgyzstan
60%
461.7 146.8 Lebanon
60%
614.2 104.1 Mongolia
60%
577 52 Moscow
60%
509.33 187.2 Muscat
60%
482.1 179.9 Riyadh
60%
577 52 Russia
60%
482.1 179.9 Saudi Arabia
60%
525 122.5 Tashkent
60%
479 120 Tbilisi
60%
513 130.6 Turkmenistan
60%
614.2 104.1 Ulaanbaatar
60%
502 182.5 United Arab Emirates
60%
525 122.5 Uzbekistan
60%
480.5 125 Yerevan
60%
234 373 Argentina
58%
248.9 339.7 Asunción
58%
638.6 246.1 Bandar Seri Begawan
58%
583 181.8 Bangladesh
58%
236 319 Bolivia
58%
266 294 Brasília
58%
266 294 Brazil
58%
234 373 Buenos Aires
58%
616 219.1 Cambodia
58%
218 384 Chile
58%
615 140.9 China
58%
664.3 290.8 Dili
58%
664.3 290.8 East Timor
58%
635.5 264 Indonesia
58%
478.8 149.9 Iraq
58%
535.7 164.2 Islamabad
58%
635.5 264 Jakarta
58%
610.3 247.2 Kuala Lumpur
58%
487 162.9 Kuwait
58%
236 319 La Paz
58%
610.3 247.2 Malaysia
58%
254.9 370.2 Montevideo
58%
597 188.5 Naypyidaw
58%
556 185.9 New Delhi
58%
665.7 127 North Korea
58%
703.7 282.4 Papua New Guinea
58%
248.9 339.7 Paraguay
58%
616 219.1 Phnom Penh
58%
703.7 282.4 Port Moresby
58%
665.7 127 Pyongyang
58%
416.4 124.2 Rome
58%
218 384 Santiago
58%
669 139 Seoul
58%
669 139 South Korea
58%
501.3 152.5 Tehran
58%
608 207.9 Thailand
58%
232 235 Venezuela
58%
610.3 194.9 Vientiane
58%
425.5 124 Albania
57%
430 129 Athens
57%
443.4 81.2 Belarus
57%
216.3 247.5 Colombia
57%
192 228 Costa Rica
57%
418 108 Croatia
57%
439 64.8 Estonia
57%
248 242 Georgetown
57%
430 129 Greece
57%
424.4 103.1 Hungary
57%
556 185.9 India
57%
501.3 152.5 Iran
57%
416.4 124.2 Italy
57%
528 149.2 Kabul
57%
569.8 166.5 Kathmandu
57%
427.5 118.5 Kosovo
57%
438 70.6 Latvia
57%
434.3 76.3 Lithuania
57%
413 106.5 Ljubljana
57%
535.7 164.2 Pakistan
57%
198 232.5 Panama City
57%
254.4 248.1 Paramaribo
57%
386 105 Paris
57%
423.6 87.1 Poland
57%
414 93.8 Prague
57%
408.5 113.9 San Marino
57%
408.5 113.9 San Marino (cap)
57%
421 113 Sarajevo
57%
427.6 113 Serbia
57%
429.5 121.7 Skopje
57%
413 106.5 Slovenia
57%
439 64.8 Tallinn
57%
460.3 130.6 Turkey
57%
153 129 United States
57%
408.5 120.7 Vatican City
57%
408.5 120.7 Vatican City (cap)
57%
414.2 100.9 Vienna
57%
434.3 76.3 Vilnius
57%
423.6 87.1 Warsaw
57%
608 207.9 Bangkok
56%
143 66 Canada
56%
180.4 215 El Salvador
56%
177.4 210 Guatemala
56%
177.4 210 Guatemala City
56%
450.6 96 Kiev
56%
151 182 Mexico City
56%
443.4 81.2 Minsk
56%
597 188.5 Myanmar
56%
188.2 218.1 Nicaragua
56%
143 66 Ottawa
56%
438 70.6 Riga
56%
180.4 215 San Salvador
56%
184.5 210.7 Tegucigalpa
56%
153 129 Washington D.C.
56%
180.9 203.6 Belize
53%
180.9 203.6 Belmopan
53%
216.3 247.5 Bogotá
53%
184.5 210.7 Honduras
53%
188.2 218.1 Managua
53%
151 182 Mexico
53%
198 232.5 Panama
53%
192 228 San José
53%
232 235 Caracas
51%
204 265.5 Ecuador
51%
248 242 Guyana
51%
208 292 Lima
51%
208 292 Peru
51%
204 265.5 Quito
51%
254.4 248.1 Suriname
51%
254.9 370.2 Uruguay
51%
398.4 103.5 Bern
50%
363 82.5 Dublin
50%
363 82.5 Ireland
50%
361.7 127.6 Lisbon
50%
377 86 London
50%
397.2 114.5 Monaco
50%
397.2 114.5 Monaco (cap)
50%
361.7 127.6 Portugal
50%
366 153.5 Rabat
50%
372 127.5 Spain
50%
377 86 United Kingdom
50%
462.3 158.9 Amman
49%
487.6 125 Baku
49%
437.8 117.9 Sofia
49%
467 143 Syria
49%
425.5 124 Tirana
49%
402 103.1 Vaduz
49%
418 108 Zagreb
49%
584.1 169.4 Bhutan
46%
583 181.8 Dhaka
46%
624.3 219.9 Hanoi
46%
610.3 194.9 Laos
46%
569.8 166.5 Nepal
46%
584.1 169.4 Thimphu
46%
624.3 219.9 Vietnam
46%
377 219 Burkina Faso
43%
403.3 203.9 Niamey
43%
368 235.9 Yamoussoukro
43%
427.6 239 Bangui
42%
447 171.3 Cairo
42%
368 235.9 Cote d'Ivoire
42%
495.7 176.2 Doha
42%
447 171.3 Egypt
42%
433 267.2 Kinshasa
42%
419.3 172.9 Libya
42%
467 309.5 Mozambique
42%
398 230.8 Nigeria
42%
509.33 187.2 Oman
42%
377 219 Ouagadougou
42%
385.7 225 Porto-Novo
42%
431 365 Pretoria
42%
495.7 176.2 Qatar
42%
488.3 208.2 Sana'a
42%
431 365 South Africa
42%
451.3 350.1 Swaziland
42%
459.1 282.5 Tanzania
42%
401 148 Tunis
42%
401 148 Tunisia
42%
407 247 Yaoundé
42%
488.3 208.2 Yemen
42%
420 301.2 Angola
40%
435 336.1 Botswana
40%
638.6 246.1 Brunei
40%
447.8 272.6 Bujumbura
40%
435 336.1 Gaborone
40%
420 301.2 Luanda
40%
438 310 Lusaka
40%
418 328 Namibia
40%
418 328 Windhoek
40%
459.1 282.5 Dodoma
39%
456 307 Lilongwe
39%
447.8 272.6 Burundi
36%
453.1 256.6 Kampala
33%
465.8 259.9 Kenya
33%
447.8 267.7 Kigali
33%
465.8 259.9 Nairobi
33%
447.8 267.7 Rwanda
33%
488 230 Somalia
33%
453.1 256.6 Uganda
33%
447 325 Harare
32%
449.6 239.5 Juba
32%
456 307 Malawi
32%
467 309.5 Maputo
32%
438 310 Zambia
32%
447 325 Zimbabwe
32%
451.3 350.1 Mbabane
31%
398 230.8 Abuja
29%
377 202.2 Bamako
29%
344 216 Banjul
29%
385.7 225 Benin
29%
347.7 220.3 Bissau
29%
422.6 209.4 Chad
29%
353.3 224.2 Conakry
29%
347 212 Dakar
29%
344 216 Gambia
29%
353.3 224.2 Guinea
29%
347.7 220.3 Guinea-Bissau
29%
444 360.5 Lesotho
29%
444 360.5 Maseru
29%
403.3 203.9 Niger
29%
347 212 Senegal
29%
354 232.9 Sierra Leone
29%
437 52 Finland
28%
354 232.9 Freetown
28%
437 52 Helsinki
28%
359.2 239.6 Liberia
28%
377 202.2 Mali
28%
359.2 239.6 Monrovia
28%
401.7 57 Norway
28%
401.7 57 Oslo
28%
414.3 60.5 Stockholm
28%
414.3 60.5 Sweden
28%
378.2 234.5 Accra
26%
406.5 264 Gabon
26%
378.2 234.5 Ghana
26%
383 232.4 Lomé
26%
404 255.8 Malabo
26%
383 232.4 Togo
26%
242.7 216.8 Saint Vincent and the Grenadines
25%
717.7 235.2 Federated States of Micronesia
24%
242.7 216.8 Kingstown
24%
717.7 235.2 Palikir
24%
562 235.3 Sri Jayawardenepura Kotte
22%
562 235.3 Sri Lanka
22%
239.4 203.4 Basseterre
21%
239.4 203.4 Saint Kitts and Nevis
21%
241.4 204 Antigua and Barbuda
19%
221 197 Dominican Republic
19%
218 196 Haiti
19%
742.1 295 Honiara
19%
760.6 232.2 Majuro
19%
760.6 232.2 Marshall Islands
19%
218 196 Port-au-Prince
19%
242.5 226.6 Port-of-Spain
19%
241.4 204 Saint John's
19%
221 197 Santo Domingo
19%
395.5 260.6 São Tomé
19%
395.5 260.6 São Tomé and Príncipe
19%
742.1 295 Solomon Islands
19%
242.5 226.6 Trinidad and Tobago
19%
486 324.3 Antananarivo
18%
486 324.3 Madagascar
18%
657 220.6 Manila
15%
657 220.6 Philippines
15%
683 342 Australia
14%
683 342 Canberra
14%
241.6 220.6 Grenada
14%
341 43 Iceland
14%
776.7 391.9 New Zealand
14%
341 43 Reykjavík
14%
241.6 220.6 Saint George's
14%
505.5 277 Seychelles
14%
505.5 277 Victoria
14%
776.7 391.9 Wellington
14%
246.5 217 Barbados
13%
246.5 217 Bridgetown
13%
243.2 214.6 Castries
13%
206 200.2 Jamaica
13%
206 200.2 Kingston
13%
798.1 328.7 Nukuʻalofa
13%
243.2 214.6 Saint Lucia
13%
798.1 328.7 Tonga
13%
326.7 206.9 Cape Verde
11%
242.4 209.5 Dominica
11%
804.5 282.8 Funafuti
11%
21 272 Kiribati
11%
545.9 248.9 Maldives
11%
545.9 248.9 Malé
11%
510.1 329.1 Mauritius
11%
680.5 241.3 Ngerulmud
11%
455.3 143.7 Nicosia
11%
680.5 241.3 Palau
11%
510.1 329.1 Port Louis
11%
755.5 318.6 Port Vila
11%
326.7 206.9 Praia
11%
242.4 209.5 Roseau
11%
614.2 256.7 Singapore
11%
614.2 256.7 Singapore (cap)
11%
21 272 South Tarawa
11%
804.5 282.8 Tuvalu
11%
755.5 318.6 Vanuatu
11%
209 180.9 Bahamas
10%
479.4 301.4 Comoros
10%
206 190.2 Cuba
10%
455.3 143.7 Cyprus
10%
206 190.2 Havana
10%
693.3 140 Japan
10%
412.9 141.1 Malta
10%
479.4 301.4 Moroni
10%
209 180.9 Nassau
10%
652.9 182.1 Taipei
10%
652.9 182.1 Taiwan
10%
693.3 140 Tokyo
10%
412.9 141.1 Valletta
10%
802.8 307.7 Apia
8%
494.3 174 Bahrain
8%
782.9 320.1 Fiji
8%
494.3 174 Manama
8%
756.2 263.4 Nauru
8%
802.8 307.7 Samoa
8%
782.9 320.1 Suva
8%
756.2 263.4 Yaren
8%
No matching quizzes found
Score Distribution
Percent of People with Each Score
Percentile by Number Answered
Your Score History
You have not taken this quiz